| 000 | 00789cam a22002054a 4500 | ||
|---|---|---|---|
| 005 | 20250605164049.0 | ||
| 008 | 250528s ||||||||||||||||||||||||d | ||
| 035 | _a17211 | ||
| 020 | _a528673033 | ||
| 040 |
_aGR-AtMCL _bgre _dGR-AtMCL _eAACR2 |
||
| 245 | 1 | _aBasic Economic Concepts | |
| 260 |
_bRand Mcnally College Publishing Company, _c1974 |
||
| 300 | _a480 | ||
| 520 | _aGeneral Economic Concepts, Supply and Demand, Factors of Production, Price Theory, Market Types, Industrial Organization, Framework of Macroeconomics, Macroeconomic Behavior, Macroeconomic Policy, Public Finance, Economic Inequality, International Trade, Economic Development, Index. | ||
| 700 | 1 |
_aEckstein Peter _93375 |
|
| 700 | 1 |
_aSichel Werner _93376 |
|
| 942 | _cBK | ||
| 999 |
_c2645 _d2645 |
||